| 000 | 00366 a2200133 4500 | ||
|---|---|---|---|
| 001 | ART_34201 | ||
| 005 | 20260410161708.0 | ||
| 008 | 260409a | ||
| 245 | 1 | 0 | _aIntereses resarcitorios |
| 100 | 1 | _aCáceres, Alberto I. | |
| 700 | 1 | _aBisagra, Graciela | |
| 700 | 1 | _aAmarilla, Susana | |
| 773 | 0 |
_tRevista Impuestos _g- Nº 1 (ene. 2006) _wREV639 |
|
| 999 |
_c15814 _d15814 |
||